|
|
|
|
| LEADER |
00000nab a2200000 a 4500 |
| 001 |
vtls000817298 |
| 003 |
SK-MaSNL |
| 005 |
20260304113205.0 |
| 008 |
250429c2002 xo 0 slo |
| 015 |
|
|
|a SNBRB2002/12-39885
|
| 035 |
|
|
|a CLN000168953
|
| 035 |
|
|
|a urn:nbn:sk:snk-aboxn
|
| 035 |
|
|
|a (urnnbn)urn:nbn:sk:snk:ar-a04eoi
|
| 035 |
|
|
|a (uuid)f775683c-f41d-447d-b85a-8410cf37fa08
|
| 040 |
|
|
|a SNKBUCL
|b slo
|c SNKBUCL
|e AACR2
|
| 041 |
0 |
|
|a slo
|
| 044 |
|
|
|a xo
|c SK
|
| 080 |
|
|
|a 633.1(437.6)
|2 1997
|
| 100 |
1 |
|
|a Surovčík, Jozef
|4 aut
|9 9012
|
| 245 |
1 |
0 |
|a Obilniny - prognózy a skutočnosť v tomto roku
|c Jozef Surovčík
|
| 300 |
|
|
|b Fotogr.
|
| 650 |
0 |
7 |
|a obilniny
|x produkcia
|z Slovensko
|y 2002
|2 snkbucl
|9 1416132
|
| 655 |
|
7 |
|a články z novín a časopisov
|2 snkbucl
|9 267496
|
| 773 |
0 |
|
|t Naše pole
|g Roč. 6, č. 10 (2002), s. 20
|x 1335-2466
|
| 850 |
|
|
|a Slovenská národná knižnica
|
| 852 |
|
|
|a Slovenská národná knižnica
|
| 954 |
|
|
|a odborná, vedecká literatúra pôvodná (slovenská)
|2 lita
|
| 958 |
|
|
|a article27
|
| 958 |
|
|
|a SK
|
| 958 |
|
|
|a OND
|
| 958 |
|
|
|a EUIPO
|
| 992 |
|
|
|a RBX
|
| 999 |
|
|
|c 2868513
|d 2870443
|